Diffusion in solids : (Record no. 29819)
[ view plain ]
| 000 -LEADER | |
|---|---|
| fixed length control field | 00577 a2200181 4500 |
| 003 - CONTROL NUMBER IDENTIFIER | |
| control field | NUST |
| 005 - DATE AND TIME OF LATEST TRANSACTION | |
| control field | 20180118123151.0 |
| 008 - FIXED-LENGTH DATA ELEMENTS--GENERAL INFORMATION | |
| fixed length control field | 180118b xxu||||| |||| 00| 0 eng d |
| 020 ## - INTERNATIONAL STANDARD BOOK NUMBER | |
| International Standard Book Number | 3540714863 |
| 020 ## - INTERNATIONAL STANDARD BOOK NUMBER | |
| International Standard Book Number | 9783540714866 |
| 082 ## - DEWEY DECIMAL CLASSIFICATION NUMBER | |
| Classification number | 530.415 |
| 100 1# - MAIN ENTRY--PERSONAL NAME | |
| Personal name | Mehrer, Helmut. |
| 9 (RLIN) | 8726 |
| 245 10 - TITLE STATEMENT | |
| Title | Diffusion in solids : |
| Remainder of title | fundamentals, methods, materials, diffusion-controlled processes / |
| Statement of responsibility, etc. | Helmut Mehrer. |
| 260 ## - PUBLICATION, DISTRIBUTION, ETC. | |
| Place of publication, distribution, etc. | [S.l.] : |
| Name of publisher, distributor, etc. | Springer, |
| Date of publication, distribution, etc. | 2007. |
| 300 ## - PHYSICAL DESCRIPTION | |
| Extent | 654 p. ; |
| Dimensions | 24 cm. |
| 490 1# - SERIES STATEMENT | |
| Series statement | Springer series in solid-state sciences. |
| 700 ## - ADDED ENTRY--PERSONAL NAME | |
| Personal name | Mehrer, Helmut. |
| 9 (RLIN) | 8726 |
| 830 #0 - SERIES ADDED ENTRY--UNIFORM TITLE | |
| Uniform title | Springer series in solid-state sciences. |
| 9 (RLIN) | 8727 |
| 942 ## - ADDED ENTRY ELEMENTS (KOHA) | |
| Institution code [OBSOLETE] | SNS |
| Koha item type | Book |
| Call number prefix | 530.415 MEH |
| Source of classification or shelving scheme | |
| Withdrawn status | Lost status | Damaged status | Not for loan | Permanent Location | Current Location | Date acquired | Total Checkouts | Full call number | Barcode | Date last seen | Price effective from | Koha item type |
|---|---|---|---|---|---|---|---|---|---|---|---|---|
| School of Natural Sciences (SNS) | School of Natural Sciences (SNS) | 05/26/2016 | 530.415 MEH | SNS0001269 | 05/26/2016 | 05/26/2016 | Book |
